000 01476namaa22003251i 4500
005 20251220131850.0
008 251119s1995 ua a|||frm||| 000 0 eng d
040 _aEG-GICUC
_beng
_cEG-GICUC
_dEG-GICUC
_erda
041 0 _aeng
_beng
_bara
049 _aDeposit
097 _aM.Sc
099 _aCai01.12.20.M.Sc.1995.Me.D.
100 0 _aMedhat Ahmed Abdel- Khalek Ibraheem,
_epreparation.
245 1 0 _aDevelopment Of A Spectroscopic Technique For The Study Of Water Hyacinth As Indicator For Pollutants /
_cBy Medhat Ahmed Abdel- Khalek Ibraheem; Supervisors Prof.Dr. Naguib Farag Michael, Prof.Dr. Anis Bishay Basily, Prof.Dr. Hussein Ibraheem Abdel- Shafy.
246 1 5 _aتطوير طريقة طيفية لدراسة نباتات مائية كدليل للتلوث
264 0 _c1995.
300 _a103 Leaves :
_billustrations ;
_c30 cm. +
336 _2rda content
_atext
337 _2rdamedia
_aUnmediated
338 _2rdacarrier
_avolume
502 _aThesis (M.Sc.)-Cairo University, 1995.
504 _aBibliography: pages 97-103.
653 0 _aPhysics
700 0 _aNaguib Farag Michael
_ethesis advisor.
700 0 _aAnis Bishay Basily
_ethesis advisor.
700 0 _aHussein Ibraheem Abdel- Shafy
_ethesis advisor.
900 _DDepartment of Physics
_FFaculty of Science
_UCairo University
_b1995
_cNaguib Farag Michael
_cAnis Bishay Basily
_cHussein Ibraheem Abdel- Shafy
905 _aEman El gebaly
_eNourhan
942 _2ddc
_cTH
_e21
_n0
999 _c175983